Cadernos de Processo do Trabalho N. 16 Prova Testemunhal. Prova Pericial. Presunė̳s e Indc̕ios. Justificaȯ̂ Judicial /

Detalles Bibliográficos
Autor principal: Teixeira Filho, Manoel Antonio
Formato: eBook
Lenguaje:portugués
Publicado: San Pablo: LTR, 2018
Materias:
Acceso en línea:Acceso restringido

MARC

LEADER 00000nam a22000007a 4500
005 2019052409159.0
007 cr|||| ||||
008 190524s2018 br |||||s|||| 00||0 por d
020 |a 978-85-361-9878-1 
035 |a 23428 
040 |a vLex 
090 |c 8808  |d 8808 
100 1 |a Teixeira Filho, Manoel Antonio 
245 1 0 |a Cadernos de Processo do Trabalho N. 16  |h [Recurso electrn̤ico] :  |b Prova Testemunhal. Prova Pericial. Presunė̳s e Indc̕ios. Justificaȯ̂ Judicial /  |c Manoel Antonio Teixeira Filho 
256 |a Servicio en ln̕ea 
260 |a San Pablo:  |b LTR,  |c 2018 
300 |a 1 recurso electrn̤ico 
500 |a Os Cadernos de Processo do Trabalho compe̳m uma excelente coleȯ̂ elaborada pelo Prof. Manoel Antonio Teixeira Filho, um dos mais destacados juristas do Pas̕. Os temas selecionados sô de grande interesse prt̀ico para magistrados, advogados, membros do Ministřio Pb︢lico, professores e acadm̊icos de Direito. A exposiȯ̂ ̌feita de maneira didt̀ica, sem prejuz̕o do aprofundamento do conted︢o. 
506 1 |a Disponible solo en los productos indicados  |d vLex Global  |d vLex Global (Academic Edition, excluding Law Schools)  |d vLex Global (U.S. Academic Edition, Law Schools)  |d vLex Global (U.S. Academic Edition, excluding Law Schools)  |d vLex Global (Academic Edition, Law Schools) 
650 0 4 |a Procedimiento Laboral  |z Brasil 
740 0 |a vLex Libros (Servicio en ln̕ea) 
856 4 0 |u http://vlex.com/source/cadernos-de-processo-do-trabalho-n-16-prova-testemunhal-prova-pericial-presun-es-e-indicios-justifica-o-judicial-ata-notarial-23428  |z Acceso restringido 
942 |c BOOK 
999 0 |a Labor Procedure